The reconstruction of religious thought in Islam / (Record no. 21556)

MARC details
000 -LEADER
fixed length control field 00753cam a22002177 4500
001 - CONTROL NUMBER
control field 10517878
003 - CONTROL NUMBER IDENTIFIER
control field BDDh-ASL
005 - DATE AND TIME OF LATEST TRANSACTION
control field 20231015030015.0
008 - FIXED-LENGTH DATA ELEMENTS--GENERAL INFORMATION
fixed length control field 901105s1954 pk 000 0 eng
010 ## - LIBRARY OF CONGRESS CONTROL NUMBER
LC control number ltf90010442
040 ## - CATALOGING SOURCE
Original cataloging agency DLC
Transcribing agency DLC
Modifying agency DLC
-- BDDh-ASL
050 00 - LIBRARY OF CONGRESS CALL NUMBER
Classification number 4BP 403
082 ## - DEWEY DECIMAL CLASSIFICATION NUMBER
Classification number 297.1
Item number IQR
100 1# - MAIN ENTRY--PERSONAL NAME
Personal name Iqbal, Muhammad,
Titles and words associated with a name Sir,
Dates associated with a name 1877-1938.
245 04 - TITLE STATEMENT
Title The reconstruction of religious thought in Islam /
260 ## - PUBLICATION, DISTRIBUTION, ETC.
Place of publication, distribution, etc. Lahore:
Name of publisher, distributor, etc. Published by Javid Iqbal; can be had of Shaikh Muhammad Ashraf
Date of publication, distribution, etc. [1954]
300 ## - PHYSICAL DESCRIPTION
Extent 205 p.
650 #0 - SUBJECT ADDED ENTRY--TOPICAL TERM
Topical term or geographic name entry element Religion, ধর্ম, Dharma, faith, creed, law, worship, property, আস্তিকতা, দীন
General subdivision Islam
9 (RLIN) 2606
906 ## - LOCAL DATA ELEMENT F, LDF (RLIN)
a 0
b cbc
c premunv
d u
e ncip
f 19
g y-gencatlg
942 ## - ADDED ENTRY ELEMENTS (KOHA)
Source of classification or shelving scheme Dewey Decimal Classification
Koha item type Books
Holdings
Withdrawn status Lost status Source of classification or shelving scheme Damaged status Not for loan Collection code Home library Current library Shelving location Date acquired Source of acquisition Total Checkouts Full call number Barcode Date last seen Copy number Price effective from Koha item type Public note
    Dewey Decimal Classification   Not For Loan Non-fiction Asiatic Society Library Asiatic Society Library General Stacks 02/06/2021 Donated by Prof. Husniara Huq   297.1 IQR 105298 02/06/2021 C-1 02/06/2021 Books RARE

Powered by Koha